Lekári - seniori čakajú, kto a kedy ich nahradí

55 rokov - priemerný vek všeobecných (praktických) lekárov na Slovensku. Podobný stav aj v pediatrii. Najkritickejšia situácia na vidieku. Problém vo vzdelávaní. Pomoc z eurofondov - rezidentský program.

Salvato in:
Dettagli Bibliografici
Autore principale: Rifaiová, Daniela
Natura: Capitolo di libro
Lingua:slovacco
Soggetti:
Tags: Aggiungi Tag
Nessun Tag, puoi essere il primo ad aggiungerne!!

MARC

LEADER 00000naa a2200000 4500
001 0185033
005 20231113101151.6
041 0 |a slo 
044 |a SK 
245 1 0 |a Lekári - seniori čakajú, kto a kedy ich nahradí  |c Daniela Rifaiová 
520 |a 55 rokov - priemerný vek všeobecných (praktických) lekárov na Slovensku. Podobný stav aj v pediatrii. Najkritickejšia situácia na vidieku. Problém vo vzdelávaní. Pomoc z eurofondov - rezidentský program. 
610 2 0 |a lekári 
610 2 0 |a medicína 
610 2 0 |a zdravotníctvo 
610 2 0 |a špecializácia 
610 2 0 |a financie 
610 2 0 |a vzdelávanie 
610 2 0 |a Európska únia 
610 2 0 |a Slovensko 
100 1 |a Rifaiová, Daniela